000 00725nam a2200181Ia 4500
008 151202s9999||||xx |||||||||||||| ||und||
082 _bPNVM-81183
100 _aतानवडे कुलकर्णी माधुरी.
245 _aअनंताच्या पाउलखुणा.
260 _b"मनोरमा प्रकाशन ,दादर."
260 _c2012
300 _a176
600 _aतानवडे कुलकर्णी माधुरी.
630 _aअनंताच्या पाउलखुणा.
700 _aतानवडे कुलकर्णी माधुरी.
730 _aअनंताच्या पाउलखुणा.
942 _cBOOK
999 _c1345791
_d1345788